000 004980000a22001930004500
001 003094
003 MACL
005 20150823155419.0
008 150823b xxu||||| |||| 00| 0 eng d
040 _aMACL
_cMACL
041 _aEnglish
082 _a658/MUR
100 _aMurlidharan, Jamuna
_97175
245 _a50 Projects To Start With 5,00,000
_cJamuna Murlidharan
260 _aNew Delhi
_bAsia Pacific Business Press
350 _a400
650 _aManagement
_97176
942 _k658
_cBK
_2ddc
999 _c15000
_d15000